MARC

Tag First Indicator Second Indicator Subfields
LEADER 00000cam a2200000 i 4500
001 in00004635989
006 m o d
007 cr |||||||||||
008 210922s2021 gau obt s000 0deng d
005 20230103223605.4
035 |a (OCoLC)on1268928369 
040 |a GUA  |b eng  |e rda  |e pn  |c GUA  |d OCLCO  |d OCLCF  |d JSTOR  |d P@U  |d EBLCP  |d OCLCO  |d OCLCQ  |d OCLCO 
020 |a 9780820359977  |q (ebook) 
020 |a 0820359971  |q (ebook) 
020 |z 9780820359953  |q (hardcover) 
020 |z 9780820359960  |q (paperback) 
035 |a (OCoLC)1268928369 
037 |a 22573/ctv21c27tj  |b JSTOR 
043 |a n-us-ga 
050 4 |a SB105  |b .O9 2021 
072 7 |a HIS  |x 036120  |2 bisacsh 
082 0 4 |a 630.9758 
049 |a TXAM 
100 1 |a Owens, Hubert B.,  |e author. 
245 1 0 |a Georgia's planting prelate /  |c by Hubert B. Owens ; with a new foreword by Drew A. Swanson. 
264 1 |a Athens :  |b University of Georgia Press,  |c 2021. 
300 |a 1 online resource (56 pages) 
336 |a text  |b txt  |2 rdacontent 
337 |a computer  |b c  |2 rdamedia 
338 |a online resource  |b cr  |2 rdacarrier 
500 |a " ... including an Address on horticulture at Macon, Georgia, in 1851 by the Right Reverend Stephen Elliott, Jr." 
536 |a The Georgia Open History Library has been made possible in part by a major grant from the National Endowment for the Humanities: Democracy demands wisdom. Any views, findings, conclusions, or recommendations expressed in this collection, do not necessarily represent those of the National Endowment for the Humanities. 
588 0 |a Online resource; title from PDF title page (viewed July 7, 2021) 
600 1 0 |a Elliott, Stephen,  |d 1806-1866. 
600 1 1 |a Elliott, Stephen,  |d 1806-1866. 
600 1 7 |a Elliott, Stephen,  |d 1806-1866.  |2 fast  |0 (OCoLC)fst00294923 
650 0 |a Gardening  |z Georgia. 
650 6 |a Jardinage  |z Géorgie (État) 
650 7 |a HISTORY  |z United States  |x State & Local  |x South (AL, AR, FL, GA, KY, LA, MS, NC, SC, TN, VA, WV)  |2 bisacsh 
650 7 |a Gardening.  |2 fast  |0 (OCoLC)fst00937852 
651 7 |a Georgia.  |2 fast  |0 (OCoLC)fst01204622 
655 7 |a Electronic books.  |2 local 
700 1 |a Elliott, Stephen,  |d 1806-1866. 
700 1 |a Swanson, Drew A.,  |d 1979-  |e writer of foreword. 
710 2 |a JSTOR (Organization) 
856 4 0 |u https://www.jstor.org/stable/10.2307/j.ctv21d63jp  |z Connect to the full text of this electronic book  |t 0 
955 |a JSTOR Open Access ebooks 
994 |a 92  |b TXA 
999 f f |s 5d179c5d-6109-4458-ae1b-f723fe9cee88  |i 82570b5c-3c90-4c96-9625-4ac71ff19e79  |t 0 
952 f f |a Texas A&M University  |b College Station  |c Electronic Resources  |d Available Online  |t 0  |e SB105 .O9 2021  |h Library of Congress classification 
998 f f |a SB105 .O9 2021  |t 0  |l Available Online